| 000 | 00842nam a2200253Ia 4500 | ||
|---|---|---|---|
| 003 | OSt | ||
| 005 | 20220926013440.0 | ||
| 006 | a|||||r|||| 00| 0 | ||
| 007 | ta | ||
| 008 | 220923b |||||||| |||| 00| 0 eng d | ||
| 037 | _cGeneral Book | ||
| 040 |
_aRTL _cRTL _beng |
||
| 041 |
_2eng _aeng |
||
| 082 | _aX755:(Z, 3), H9.91-2/UN | ||
| 110 |
_aInternational Bank for Construction and Development and Nactional financiera, S.A (USA) _9318331 |
||
| 245 | 0 | _aLoan agreements, 1949 | |
| 260 |
_aNew York _bI B R D USA _c1974 |
||
| 300 |
_a6p. _ccm. |
||
| 500 | _aLoan No . 909 ME amendment | ||
| 650 | _aForeign Loan | ||
| 700 |
_aInternational Bank for Construction and Development and Nactional financiera, S.A (USA) _9318332 |
||
| 942 |
_hX755:(Z, 3), H9.91-2/UN _cGB _2CC |
||
| 999 |
_c625994 _d625994 |
||